| 000 | 00685cab a2200205 4500 | ||
|---|---|---|---|
| 001 | WB3438-08 | ||
| 008 | 090401t1998 xxu||||| |||| 00| 0 eng d | ||
| 035 | _a(Sirsi) u88852 | ||
| 041 | _aeng | ||
| 245 | _aNew Legionellosis guidance published | ||
| 260 | _c1998 | ||
| 350 | _a0 | ||
| 490 |
_aHealth and Safety Commission News Release _vE215:98) 30 September 1998 (2) |
||
| 520 | _aThe HSE has published new guidance "Control of legionellosis in hot and cold water systems" (Free) and an Approved Code of Practice | ||
| 650 | _aLEGIONNAIRES' DISEASE | ||
| 650 | _aLEGIONNAIRES' DISEASE | ||
| 690 | _aBUILT ENVIRONMENT-BUILDING STANDARDS | ||
| 942 | _n0 | ||
| 948 | _c06/10/1998 | ||
| 999 |
_c56188 _d56188 |
||